000 00879cas a22002175a 4500
001 L144700
008 080806c2008 xxkar ps ss 0 a0eng d
035 _a(Sirsi) u144700
041 0 _aeng
050 _a333.32 $2 18
110 2 _aInvestment Property Databank
_92288
245 0 0 _aIPD Korean property index
_h[electronic resource]
260 _aLondon
_bIPD
_c2008-
520 _aIndex measures ungeared returns on direct investments held throughout the period in Korea and provides statistics for total return; income return; capital return and others. Uses graphs and comparative tables to present data.
554 _aAnnual
650 2 4 _aIPD KOREAN ANNUAL PROPERTY INDEX
651 4 _aKorea
690 _aPROPERTY-COMMERCIAL PROPERTY-COMMERCIAL PROPERTY MARKET
856 4 0 _uhttps://www.ipd.com
_zView the item free of charge online at www.ipd.com...
942 _n0
999 _c119194
_d119194